| 000 | 00468nam a2200181Ia 4500 | ||
|---|---|---|---|
| 003 | OSt | ||
| 005 | 20220402110244.0 | ||
| 008 | 211109s9999||||xx |||||||||||||| ||und|| | ||
| 040 | _csbcl | ||
| 082 |
_a821 _bARN-S |
||
| 100 | _aArnold, Mathew | ||
| 245 | 0 | _aSelected Poems of Matthew Arnold | |
| 260 |
_bBpbpublishers _aErnakulam _c1900 |
||
| 300 | _a1029p | ||
| 630 | _xReference Reading Room | ||
| 650 |
_aComputer _vData Processing _xComputer Science |
||
| 942 | _cBOOK | ||
| 999 |
_c252 _d252 |
||